000 00460nam a2200169Ia 4500
008 210210b1998 xxu||||| |||| 00| 0 eng d
020 _a81 86314 50 4
082 _a001.51 GHAC
100 _aGHANEKAR (Anjali).
245 _aCommunication skill for effective management. Ed 3.
250 _a
260 _aDelhi.
_bEverest Publishing House,
_c1998
300 _axxii,202
650 _aCommunication Skills
690 _aCommunication
906 _a054020
999 _c101920
_d101920